=LDR 00000nam 2200000 4500 =001 INLIS000000000051811 =005 20200330012125 =035 ##$$a 0010-1217000051 =007 ta =008 200330################g##########0#ind## =082 ##$$a 2x0 =084 ##$$a 2x0 SYA p =100 #$$a Syathiri, Sayyid Muhammad bin Ahmad Asy =245 1#$$a Persatuan Islam /$c Sayyid Muhammad Bin Ahmad Asy-Syathiri =260 ##$$a Jakarta :$b Lentera Basritama,$c 1997 =300 ##$$a 68 hlm ; $c 21 x 15 cm =650 #4$$a Islam =990 ##$$a 121.900/Pro-97